LEADER 00994nam a2200277 a 4500 001 000000133488 003 CaOOAMICUS 005 20130410145450.0 008 130410s1968 it u000 u ita r 040 $aPUL$bita 041 1 $aita$hger 100 1 $aKraus, Wolfgang.$0(OLS)http://pul/name/49316 240 10$aFünfte Stand.$lItaliano.$0(OLS)http://pul/title/168705 245 13$aIl Quinto Stato /$cWolfgang Kraus. 260 $aBari :$bDe Donato,$cc1968. 300 $a181 p. ;$c19 cm 490 1 $aDissensi ;$v12 650 4$aIntellettuali$ySec. XX.$0(OLS)http://pul/subject/12230 830 0$aDissensi ;$v12.$0(OLS)http://pul/title/7916 850 $aPUL 852 $aPUL$W1$xDP1 Fondo E. Rossi$y115$m1 K 39$j153427$qFondi$B152986$CPULBib$Z2$F152986 $82 941 1 $a1 961 $aSul dorso collocazione ms. di E. Rossi: K 20 996 $6245$aIl Quinto Stato$9(OLS)http://pul/title/168704 996 $6260$aBari :$bDe Donato$9(OLS)http://pul/publisher/50890 LEADER 00885nam a2200217 u 4500 001 000000081081 003 CaOOAMICUS 005 20070226123721.0 008 050314s1925 it u000 u ita u 035 $a11033937 040 $aPUL(R)$bita 100 1 $aCrispolti, Filippo,$cmarchese,$d1857-1942.$0(OLS)http://pul/name/13818 245 10$aGrandi anime :$bdiscorsi commemorativi /$cFilippo Crispolti. 260 $aRoma :$bLibreria Pontificia f. Pustet,$c1925. 300 $a383 p. ;$c23 cm 650 4$aCristianesimo e letteratura.$0(OLS)http://pul/subject/19616 850 $aPUL 852 $aPUL$W1$xDP1 Fondo Cecchetti$y53$m260 V 92$j103480$nBK-PRI$b $qFondi$B103480$CPULBib$Z2$F103480 $82 941 1 $a1 996 $6245$aGrandi anime :$bdiscorsi commemorativi$9(OLS)http://pul/title/106094 996 $6260$aRoma :$bLibreria Pontificia f. Pustet$9(OLS)http://pul/publisher/75943